Sistemas de planificación y asignación de recursos operativos en la empresa Servicios Terrestres, Aereos y de Rampa S.A (STAR)

Tallennettuna:
Bibliografiset tiedot
Päätekijä: Pacheco Valverde, Juan Pablo
Muut tekijät: Quesada Guerrero, Manrique, Solano Chotto, Warren
Aineistotyyppi: Kirja
Julkaistu: [San José, Costa Rica] 2007
Aiheet:
Tagit: Lisää tagi
Ei tageja, Lisää ensimmäinen tagi!

MARC

LEADER 00000nam a2200000Ia 4500
003 010307
005 20221231144103.0
008 140114s2007 cr a 000 ||s d
040 |c cru CEDI  
090 |a TFG 5567 
100 |a Pacheco Valverde, Juan Pablo   |9 4551 
245 |a Sistemas de planificación y asignación de recursos operativos en la empresa Servicios Terrestres, Aereos y de Rampa S.A (STAR) 
260 |c 2007  |b [San José, Costa Rica] 
300 |a 171, [85] hojas; ilustraciones a color 
500 |a Proyecto de graduación (licenciatura en ingeniería industrial)--Universidad de Costa Rica. Facultad de Ingeniería. Escuela de Ingeniería Industrial 
650 |x SERVICIOS TERRESTRES, AEREOS Y DE RAMPA (COSTA RICA)  |x  COSTOS DE OPERACION   |x  ADMINISTRACION   |x  FINANZAS  |x  ANALISIS DE COSTOS   |x  PRESUPUESTO (EMPRESAS PRIVADAS)   |x  CONTROL DE COSTOS   |9 4554 
700 |9 4552  |a Quesada Guerrero, Manrique 
700 |9 4553  |a Solano Chotto, Warren 
942 |c TFG 
999 |c 16694  |d 16694